| 000 | 00373nam a22001457a 4500 | ||
|---|---|---|---|
| 003 | NUST - PNEC | ||
| 005 | 20170116181002.0 | ||
| 008 | 150912b xxu||||| |||| 00| 0 eng d | ||
| 040 | _cLIBRARY | ||
| 082 | _a621.381953 TOM | ||
| 100 |
_99599 _aTomasso, C. |
||
| 245 |
_aA practical course in SL/1 _cC. Tomasso |
||
| 650 |
_99597 _aMS Communication _xMSCom |
||
| 942 |
_2ddc _cBK |
||
| 999 |
_c66760 _d66760 |
||